000
00188nam a2200097Ia 4500
100
_a
Swati Bawra
_9
47
942
_c
BK
245
_a
Engineering physics II
260
_c
2021
082
_b
SWA
999
_c
35831
_d
35831